[Event "Duisburg Grossenbaum op"]
[Site "Duisburg"]
[Date "2004.05.29"]
[Round "3"]
[White "Ruetten, Ingmar"]
[Black "Liedmann, Dennis"]
[Result "1/2-1/2"]
[WhiteElo "2058"]
[BlackElo "1762"]
[PlyCount "94"]
[EventDate "2004.05.28"]
[EventType "swiss"]
[EventRounds "7"]
[EventCountry "GER"]
[SourceTitle "EXT 2006"]
[Source "ChessBase"]
[SourceDate "2005.11.24"]
[SourceVersion "1"]
[SourceVersionDate "2005.11.24"]
[SourceQuality "1"]

1. d4 g6 2. c4 Bg7 3. Nf3 d6 4. Nc3 Nf6 5. e4 0-0 6. Be2 e5 7. 0-0 Nc6 8. d5 Ne7 9. b4 Nd7 10. Qb3 h6 11. Ba3 f5 12. c5 Nf6 13. Nd2 a6 14. Rad1 Ne8 15. b5 Kh8 16. b6 fxe4 17. bxc7 Qxc7 18. cxd6 Nxd6 19. Bxd6 Qxd6 20. Nc4 Qd8 21. Nb6 Bf5 22. Nxa8 Qxa8 23. Qb4 Qd8 24. Qxb7 Bc8 25. Qb4 Nf5 26. Qxe4 Qg5 27. d6 Nd4 28. h4 Qd8 29. Qxg6 Bf5 30. Qh5 Qxd6 31. Bd3 Qa3 32. Ne4 Bh7 33. Bb1 Qb2 34. Nd6 Bg8 35. Nf5 Nxf5 36. Bxf5 Bf7 37. Bg6 Bc4 38. Bd3 Bxd3 39. Rxd3 Qxa2 40. Qg4 Rf4 41. Qc8+ Kh7 42. g3 Rf6 43. Qb7 Qe2 44. Rd7 Rg6 45. Rfd1 e4 46. Qb1 Rxg3+ 47. fxg3 Qe3+ 1/2-1/2